| 000 | 00530nam a2200169 i 4500 | ||
|---|---|---|---|
| 001 | 28102 | ||
| 003 | ES-MaACL | ||
| 005 | 20230906153749.0 | ||
| 007 | t| | ||
| 008 | 030116s1922 sp ||||1| spa d | ||
| 100 | 1 |
_aBanús y Comas, Carlos. _925220 |
|
| 245 | 1 | 0 |
_aHistoria de la Guerra de 1914 _b: sus cosas, sudesarrollo, sus efectos / _cpor Carlos Banús y Comas. |
| 260 |
_aBarcelona : _bMontaner y Simón, _c1922. |
||
| 300 |
_a476 p. ; _c24 cm. |
||
| 650 | 0 | 4 |
_aGuerra mundial, 1914-1918. _913212 |
| 852 |
_aES-MaACL _jC-1449 |
||
| 999 |
_c28102 _d28102 |
||